Stati che terminano con la E - Statistics

Statistiche generali
  • Questo quiz è stato fatto 234 volte
    233 dall'ultimo reset
  • Il punteggio medio è 12 su 17
Statistiche sulle risposte
Superficie (km²) Popolazione (ab.) Stato % Corretto
8 515 797 216 767 915 Brasile
88%
756 102 20 158 310 Cile
87%
22 966 419 199 Belize
79%
377 976 125 426 785 Giappone
73%
28 896 751 455 Isole Salomone
72%
20 770 9 190 200 Israele
72%
300 383 135 Maldive
71%
390 757 15 473 818 Zimbabwe
71%
964 210 240 São Tomé e Príncipe
69%
71 740 8 100 318 Sierra Leone
67%
728 5 685 807 Singapore
67%
163 820 590 100 Suriname
67%
1 862 758 316 Comore
65%
28 051 1 222 442 Guinea Equatoriale
65%
300 000 112 486 101 Filippine
57%
4 033 556 857 Capo Verde
51%
389 110 696 Saint Vincent e Grenadine
36%
Nessun quiz corrispondente trovato
Distribuzione punteggi
Percentuale di utenti per punteggio
Percentile per numero di risposta
I tuoi punteggi nel tempo
Non hai fatto questo quiz dall'ultimo reset